000 00524 a2200085 4500
999 _c20911
_d20911
003 WA 310
005 20220113143532.0
008 220113s2000 pl |||f u||| 000 0 pol d
020 _a8323643911
040 _aWA 310
_cWA 310
041 _apol
_heng
245 0 0 _aPodzespoły elektromechaniczne do urządzeń elektronicznych - Podstawowe procedury badań i metody pomiarów - Próby spadków swobodnych (podzespoły swobodne), próby obciążeń statycznych (podzespoły mocowane), próby trwałości i przeciążenia - Próba 10d: Przeciążenie elektryczne (złącza) =
_bElectromechanical components for electronic equipment - Basic testing procedures and measuring methods - Part 10: Impact tests (free components), static load tests (fixed components), endurance tests and overload tests - Section 4: Test 10d: Electrical overload (connectors) (IEC 60512-10-4:1996) PN-EN 60512-10-4:2000P /
_cNKP nr 241.
246 1 3 _aPN-EN 60512-10-4
246 1 3 _aICS 31.220.10
246 1 3 _aPolska Norma
246 3 1 _aElectromechanical components for electronic equipment - Basic testing procedures and measuring methods - Part 10: Impact tests (free components), static load tests (fixed components), endurance tests and overload tests - Section 4: Test 10d: Electrical overload (connectors) (IEC 60512-10-4:1996)
260 _aWarszawa :
_bPKN,
_c2000.
300 _a5 stron ;
_c30 cm.
336 _2rdacontent
_aTekst
_btxt
337 _2rdamedia
_aBez urządzenia pośredniczącego
_bn
338 _2rdacarrier
_aWolumin
_bnc
500 _aWprowadza EN 60512-10-4:1996, IDT, IEC 60512-10-4:1996, IDT ; Zatwierdzona 8 lutego 2000 r.
500 _aNorma Europejska EN 60512-10-4:1996 ma status Polskiej Normy.
590 _6Status: wycofana ; Zastąpiona przez PN-EN 60512-10-4:2004 wersja angielska.
710 _91107
_aPolska.
_bPolski Komitet Normalizacyjny.
_eInstytucja sprawcza
_eWydawca
920 _a83-236-4391-1
942 _2ddc
_cBK